| 000 | 00351nam a2200133Ia 4500 | ||
|---|---|---|---|
| 008 | 250506s9999 xx 000 0 und d | ||
| 024 | _a11B-52-BS | ||
| 082 | _a005.1072 ARE | ||
| 100 | _aAreeba Khan | ||
| 245 | 0 | _aCargo Managemnet System | |
| 260 |
_aKarachi: _bUIT, _c2011 |
||
| 600 | _aComputer Science | ||
| 650 | _aBachelor of Computer Science (BS) | ||
| 999 |
_c28414 _d28414 |
||